Revista de Gestão Social e Ambiental

Saved in:
Bibliographic Details
Format: Serial
Language:Multiple languages
Published: Rio de Janeiro Associacao Nacional de Pos-Graduacao e Pesquisa em Administracao
Tags: Add Tag
No Tags, Be the first to tag this record!

MARC

LEADER 00000nls a2200000 4500
001 0296327
005 20260205090727.0
022 |a 1981-982X 
041 0 |a mul 
245 1 0 |a Revista de Gestão Social e Ambiental 
264 1 |a Rio de Janeiro  |b Associacao Nacional de Pos-Graduacao e Pesquisa em Administracao 
500 |a Od roku 2024 je časopis vyradený z databázy Scopus